Akta Bekalan Gas 1993 (Akta 501) : Peraturan-peraturan bekalan gas 1997 .

Bibliographic Details
Corporate Author: MALAYSIA
Format: Book
Published: Kuala Lumpur : Jabatan Bekalan Elektrik dan Gas , [1997]
Series:Undang-undang Malaysia
Subjects:

MARC

LEADER 00000cam a2200000 7i4500
001 0000000908
005 20001102.0
090 0 0 |a R333.823309595   |b MAL 1997 
110 1 0 |a MALAYSIA 
245 1 0 |a Akta Bekalan Gas 1993 (Akta 501) :   |b Peraturan-peraturan bekalan gas 1997 .   |l Gas Supply Act 1993 (Act 501) :   |b Gas supply regulations 1997 (P.U.(A) 287/97) 
260 0 0 |a Kuala Lumpur :   |b Jabatan Bekalan Elektrik dan Gas ,   |c [1997] 
300 |a Various pagings :   |b ill. ;   |c 25 cm. 
440 0 0 |a Undang-undang Malaysia 
650 0 0 |a Gas industry   |x Government policy   |z Malaysia 
650 0 0 |a Natural gas   |x Law and legislation   |z Malaysia 
999 |a 0000001919   |b Monograph   |c Acts   |e Default branch